| 000 | 00563nam a2200217 a 4500 | ||
|---|---|---|---|
| 005 | 20140310183312.0 | ||
| 008 | 050915s19uu xx 00 eng d | ||
| 020 | _a0721603572 | ||
| 050 |
_aRC 266 _b.It87 2005 |
||
| 100 | _aItano, Joanne K. | ||
| 245 | _aCore curriculum for oncology nursing/. | ||
| 250 | _a4th | ||
| 260 |
_aMissouri : _bElseviere Saunders, _c2005. |
||
| 300 |
_a970 p. : _bill. ; _c26 cm. |
||
| 521 | _aNUR | ||
| 650 |
_aCancer _xNursing. |
||
| 650 | _aCancer. | ||
| 700 | _aTaoka, Karen N. | ||
| 942 |
_cBK _2lcc _kFOR |
||
| 999 |
_c21180 _d21180 |
||